Responses for Show #1660 - Friday, November 15, 1991

1991 Tournament of Champions final game 2.

Contestants

[<< previous game]

Jim Scott, a legal assistant from Columbia, Maryland (subtotal of $20,000)

Lou Pryor, a lawyer and Seniors Tournament winner from New Canaan, Connecticut (subtotal of $9,100)

Steve Robin, a marketing consultant from Scottsdale, Arizona (subtotal of $10,400)

[next game >>]

Jeopardy! Round responses

FLORIDIANS
FOOD
'60s SITCOMS
ANIMALS
BUSINESS & INDUSTRY
ODD WORDS
    $100 1
Sound barrier

Steve
    $100 15
Waffle

Lou
    $100 10
Here's Lucy

Steve
    $100 21
Coconuts

Lou
    $100 26
Kleenex

Lou
    $100 20
Talks

Jim
    $200 2
William Jennings Bryan

Jim
    $200 16
Truffles

Lou
    $200 11
The Courtship of Eddie's Father

Triple Stumper
    $200 27
(Jim: What is the beak?)

the tail

LouJim
    $700 9
Gerber

Steve
    $200 22
a guerrilla fighter

Steve
    $300 5
Sleeping car porters

Jim
    $300 17
Chiles Rellenos

Lou
    $300 12
Petticoat Junction

Steve
    $300 28
Bat

Steve
    $300 8
(Jim: What is Budweiser?)

Anheuser-Busch

SteveJim
    $300 23
Spear

Lou
    $400 4
The Yearling

Steve
    $400 18
Sesame seeds

Lou
    $400 13
Demarest & Frawley

Steve
    $400 29
(Jim: What are pigs?)
...
[The end-of-round signal sounds.]

dogs

Jim
Triple Stumper
    $400 7
Hyundai

Steve
    $400 24
(Alex: Less than a minute to go.)

gooseflesh

Lou
    $500 3
Lawton Chiles

Jim
    $500 19
Risotto

Lou
    $500 14
(S: What is Westward Ho!?)

F Troop

Steve
Triple Stumper
    $500 6
(Steve: What is Time Warner?)

Disney

Steve
Triple Stumper
    $500 25
(S: What is figure skating?)

Skiing

Steve
Triple Stumper

Scores at the first commercial break (after clue 9):

Steve Lou Jim
$1,400 $0 $700

Scores at the end of the Jeopardy! Round:

Steve Lou Jim
$1,700 $2,600 $200

Double Jeopardy! Round responses

PRESIDENTS
WORLD GEOGRAPHY
ARTISTS
COLLEGES & UNIVERSITIES
THE VIKINGS
LITERARY RELATIVES
    $200 26
George H.W. Bush

Jim
    $200 11
Spain

Steve
    $200 6
Andy Warhol

Steve
    $200 5
Vassar

Steve
    $200 27
Shetland Islands

Lou
    $200 29
John Greenleaf Whittier

Steve
    $400 25
Dwight D. Eisenhower

Jim
    $400 12
Liechtenstein

Jim
    $400 7
Hieronymus Bosch

Lou
    $400 4
Tulane

Jim
    $400 28
Sagas/eddas

Lou
    $400 30
Stephen Vincent Benet

Jim
    $600 24
(Alex: We have a minute left.)

John Adams

Steve
    $600 15
(Jim: What is Nepal?)
(Steve: What is Sikkim?)

Bhutan

SteveJim
Triple Stumper
    $600 8
William Blake

Lou
    $600 3
Ann Arbor

Jim
    $3,000 23
Runes/Runic letters

Steve
    $600 21
Evelyn Waugh

Steve
    $800 16
Grover Cleveland

Steve
    $800 13
Finland

Jim
    $800 9
The Peaceable Kingdom

Lou
    $800 1
Purdue

Lou
    $800 22
Normandy

Steve
    $800 20
(Jim: Who is James Beecher?)

Henry Ward Beecher

LouJim
    $2,500 17
Chester A. Arthur

Steve
    $1000 14
Albania

Jim
    $1000 10
Jasper Johns

Jim
    $1000 2
Auburn

Lou
    $1000 18
Alfred the Great

Steve
    $1000 19
Owen Wister

Lou

Scores at the end of the Double Jeopardy! Round:

Steve Lou Jim
$11,200 $8,600 $4,000

[wagering suggestions for these scores]

Final Jeopardy! Round responses

COLONIAL AMERICA
JimWho were Anne, George & Charles?
$2,350
LouWho were William, George & Charles?
$8,000
SteveWho were George I, II & III?
$9,000
George, Anne & William

Final scores:

Steve Lou Jim
$2,200 $600 $1,650

Cumulative scores:

Steve Lou Jim
$12,600 $9,700 $21,650
1st runner-up: $12,600 + Jeopardy! 25th Anniversary home game or computer version 2nd runner-up: $9,700 + Jeopardy! 25th Anniversary home game or computer version Tournament champion: $100,000 + Jeopardy! 25th Anniversary home game or computer version

Game dynamics:

Coryat scores:

Steve Lou Jim
$6,800 $8,600 $4,000
21 R
(including 3 DDs),
4 W
19 R,
0 W
13 R,
5 W

Combined Coryat: $19,400

[game clues] [game scores] [suggest correction]

Game tape date: 1991-10-15
The J! Archive is created by fans, for fans. Scraping, republication, monetization, and malicious use prohibited; this site may use cookies and collect identifying information. See terms. The Jeopardy! game show and all elements thereof, including but not limited to copyright and trademark thereto, are the property of Jeopardy Productions, Inc. and are protected under law. This website is not affiliated with, sponsored by, or operated by Jeopardy Productions, Inc. Join the discussion at JBoard.tv.